Delivering lifetime homes, lifetime neighbourhoods (Record no. 109091)
[ view plain ]
| 000 -LEADER | |
|---|---|
| fixed length control field | 01825cad a22002535a 4500 |
| 001 - CONTROL NUMBER | |
| control field | L146274 |
| 008 - FIXED-LENGTH DATA ELEMENTS--GENERAL INFORMATION | |
| fixed length control field | 090105e20081223xxkdo f 000 0 eng d |
| 020 ## - INTERNATIONAL STANDARD BOOK NUMBER | |
| International Standard Book Number | 9781409809555 |
| 035 ## - SYSTEM CONTROL NUMBER | |
| System control number | (Sirsi) u146274 |
| 041 0# - LANGUAGE CODE | |
| Language code of text/sound track or separate title | eng |
| 050 04 - LIBRARY OF CONGRESS CALL NUMBER | |
| Classification number | 306.1 $2 18 |
| 110 2# - MAIN ENTRY--CORPORATE NAME | |
| Corporate name or jurisdiction name as entry element | United Kingdom |
| Subordinate unit | Department for Communities and Local Government |
| 9 (RLIN) | 4939 |
| 245 00 - TITLE STATEMENT | |
| Title | Delivering lifetime homes, lifetime neighbourhoods |
| Remainder of title | a national strategy for housing in an ageing society |
| Medium | [electronic resource] |
| 260 ## - PUBLICATION, DISTRIBUTION, ETC. | |
| Place of publication, distribution, etc. | Wetherby |
| Name of publisher, distributor, etc. | DCLG |
| Date of publication, distribution, etc. | 2008 |
| 505 2# - FORMATTED CONTENTS NOTE | |
| Formatted contents note | Headline delivery priorities: help to make the right choice, information and advice; that bit of help, minor repairs and adaptations, 'handyperson' services; modernising disabled facilities grant; lifetime homes; lifetime neighbourhoods; specialising housing -- A partnership approach to delivery: government's delivery role; Housing and Older People Development Group (HOPDEV) role; local authorities' roles; regional roles; other partners -- Action points update |
| 520 ## - SUMMARY, ETC. | |
| Summary, etc. | A follow up to the document 'Lifetime homes, lifetime neighbourhoods: a national strategy for housing in an ageing society', the document sets out a record of the recommendations and actions which were proposed in the strategy of this earlier document. Also discusses key initiatives that are due to be launched as part of the strategy. |
| 520 ## - SUMMARY, ETC. | |
| Summary, etc. | See also Lifetime homes, lifetime neighbourhoods: a national strategy for housing in an ageing society (L142651). |
| 521 ## - TARGET AUDIENCE NOTE | |
| Target audience note | Advanced |
| 590 ## - LOCAL NOTE (RLIN) | |
| Local note | KA NTK |
| 651 #4 - SUBJECT ADDED ENTRY--GEOGRAPHIC NAME | |
| Geographic name | England and Wales |
| Chronological subdivision | 1543- |
| 690 ## - LOCAL SUBJECT ADDED ENTRY--TOPICAL TERM (OCLC, RLIN) | |
| Topical term or geographic name as entry element | PROPERTY-RESIDENTIAL PROPERTY-DOMESTIC RESIDENTIAL PROPERTY-HOUSING |
| 856 40 - ELECTRONIC LOCATION AND ACCESS | |
| Uniform Resource Identifier | <a href="https://www.communities.gov.uk/documents/housing/pdf/deliveringlifetimehomes.pdf">https://www.communities.gov.uk/documents/housing/pdf/deliveringlifetimehomes.pdf</a> |
| Public note | View the item free of charge online at www.communities.gov.uk... |
| 942 ## - ADDED ENTRY ELEMENTS (KOHA) | |
| Suppress in OPAC | 0 |
| Withdrawn status | Lost status | Source of classification or shelving scheme | Damaged status | Not for loan | Home library | Current library | Shelving location | Date acquired | Total Checkouts | Full call number | Barcode | Date last seen | Copy number | Price effective from | Koha item type |
|---|---|---|---|---|---|---|---|---|---|---|---|---|---|---|---|
| Dewey Decimal Classification | Virtual | Virtual | Online | 05/01/2009 | ONLINE PUBLICATION | 146274-1001 | 06/08/2019 | 1 | 06/08/2019 | Book |